|
|
|
|
| LEADER |
00715nta a2200169 i 4500 |
| 001 |
dipl51962 |
| 005 |
20150408085850.0 |
| 008 |
150408s2014 hu om 0|| zxx d |
| 040 |
|
|
|a SZTE Diploma Repozitórium
|b hun
|
| 041 |
|
|
|a zxx
|
| 100 |
1 |
|
|a Danics Szabina Lívia
|
| 245 |
1 |
0 |
|a Vergleich einiger Werke von Arthur Schnitzler und Anton Tschechow
|h [elektronikus dokumentum] /
|c Szabina Lívia Danics
|
| 246 |
1 |
0 |
|a A comparison of some works of Arthur Schnitzler and Anton Chekhov
|h [elektronikus dokumentum]
|
| 260 |
|
|
|c 2014
|
| 650 |
|
4 |
|a Bölcsészettudományok
|
| 700 |
1 |
|
|a Horváth Márta
|e ths
|
| 856 |
4 |
0 |
|u http://diploma.bibl.u-szeged.hu/id/eprint/51962/1/2013_Danics_Szabina_L%C3%ADvia_DASTAAB_SZE_SZ.pdf
|z Dokumentum-elérés
|